[Event "82nd Armenian Men Championship 2022"]
[Site "Yerevan"]
[Date "2022.01.15"]
[Round "4.6"]
[White "Sargsyan, Shant"]
[Black "Gharibyan, Mamikon"]
[Result "1/2-1/2"]
[WhiteElo "2628"]
[BlackElo "2467"]
[Annotator "TA"]
[PlyCount "35"]
[EventDate "2022.01.12"]
[EventType "tourn"]
[EventCountry "ARM"]
[SourceTitle "playchess.com"]
[Source "ChessBase"]
[SourceQuality "1"]

{[%evp 12,35,27,0,39,43,47,0,10,10,5,0,23,0,14,0,0,0,0,0,0,0,0,0,0,0]} 1. e4 c5 2. Nf3 Nc6 3. Nc3 d6 4. d4 cxd4 5. Nxd4 Nf6 6. Bg5 e6 7. Qd3 Bd7 {B62: Sicilian: Richter-Rauzer: 6...e6: Unusual White 7th moves.} 8. O-O-O {Black must now prevent Ndb5.} a6 {Prevents Ndb5.} 9. Qg3 (9. f4 $14 {is more appropriate.}) 9... Nxd4 10. Rxd4 h6 11. Be3 e5 {[#] And now ...Nh5 would win.} 12. Rd1 Rc8 {[%cal Oc8c3] Threatens to win with ...Rxc3! The position is equal.} (12... Nh5 $5 13. Qf3 Nf6 $11) 13. Bd3 {[#]} Rxc3 $146 ({Predecessor:} 13... Be6 14. Nd5 Qa5 15. Nxf6+ gxf6 16. a3 h5 17. Kb1 Bh6 18. Bxh6 Rxh6 19. Qe3 Rh8 {½-½ (35) Martirosyan,H (2630)-Sargsyan,S (2594) Moscow 2020}) 14. bxc3 Nh5 15. Qf3 Nf6 16. Qg3 Nh5 17. Qf3 Nf6 18. Qg3 {Weighted Error Value: White=0.14 (very precise) /Black=0.07 (flawless)} 1/2-1/2

[Event "82nd Armenian Men Championship 2022"]
[Site "Yerevan"]
[Date "2022.01.16"]
[Round "5.1"]
[White "Harutyunyan, Tigran K."]
[Black "Sargsyan, Shant"]
[Result "0-1"]
[WhiteElo "2552"]
[BlackElo "2628"]
[Annotator "TA"]
[PlyCount "86"]
[EventDate "2022.01.12"]
[EventType "tourn"]
[EventCountry "ARM"]
[SourceTitle "playchess.com"]
[Source "ChessBase"]
[SourceQuality "1"]

{[%evp 9,86,28,39,33,38,29,34,19,26,20,16,31,36,31,47,11,13,12,18,19,29,16,33,0,0,0,0,-14,-6,-5,-9,-12,-9,-4,-6,-21,-6,-13,-11,-11,-7,-29,-29,-34,-31,-21,-33,-36,-32,-34,-19,-83,-79,-135,-139,-189,-191,-174,-163,-145,-154,-210,-203,-212,-204,-197,-199,-193,-122,-117,-113,-415,-411,-404,-410,-411,-408,-409,-394]} 1. Nf3 Nf6 2. c4 e6 3. d4 d5 4. Nc3 h6 5. Bf4 Bb4 6. e3 {D37: Queen's Gambit Declined: 5 Bf4.} c5 $5 {[%mdl 4] A promising side line.} 7. dxc5 {[#]} Nbd7 $146 ({Predecessor:} 7... Qa5 8. Nd2 Bxc3 9. bxc3 Nbd7 10. Be2 Nxc5 11. O-O O-O 12. Nb3 Nxb3 13. Qxb3 b6 {½-½ (43) Sarana,A (2689)-Sargissian,G (2596) Riga 2021}) 8. Be2 {White is slightly better.} Bxc3+ 9. bxc3 Nxc5 10. Qd4 Nce4 11. cxd5 Qxd5 12. Qb4 {Black must now prevent Rd1.} Qc5 $1 13. O-O Qxb4 14. cxb4 O-O 15. Rfc1 Nd5 16. Be5 f6 17. Bb2 e5 18. Nh4 {[%cal Bf3h4,Bh4f5,Bf5g3][%mdl 32]} Be6 19. Bf3 {A strong pair of Bishops.} Ng5 20. Bxd5 Bxd5 21. Nf5 {Ne7+ is the strong threat.} Be4 22. Ng3 {Threatens to win with h4.} Bc6 {[%cal Be4c6,Bc6a4,Ba4d7,Bd7e6][%mdl 32]} 23. h4 Nf7 24. Nf5 Rfe8 {To avoid Ne7+} 25. Rd1 Ba4 26. Rd5 Rad8 27. Ra5 Bd7 28. Ng3 a6 29. Rc5 Nd6 30. Rd1 {[#]} (30. a4 $11) 30... Be6 $1 $36 {[%mdl 2048] Black is on the roll.} 31. a4 (31. Ra1 $142) 31... Nc4 32. Rxd8 (32. Rb1 $17) 32... Rxd8 $19 33. Bc3 Rd1+ 34. Kh2 {[#]} Rc1 $1 {Black is more active.} 35. Bd2 (35. Ne4 $17) 35... Ra1 36. Bc3 Ra3 37. Be1 Rxa4 {[%cal Ba3a4,Ba4a1,Ba1a8,Ba8c8][%mdl 32]} 38. b5 axb5 ({Black should try} 38... a5 $19 {Hoping for ...Ra1.} 39. Rc7 b6) 39. Rxb5 $17 Ra1 40. Bb4 {[%mdl 8192] White does not recover from this.} (40. Bc3 $17 {was the crucial defense.} Ra2 41. Be1) 40... b6 $19 {Black is winning.} 41. Be7 Kf7 42. Bd8 Ra8 43. Bc7 Rc8 {Weighted Error Value: White=0.27 (precise) /Black=0.04 (flawless)} 0-1

[Event "82nd Armenian Men Championship 2022"]
[Site "Yerevan"]
[Date "2022.01.16"]
[Round "5.2"]
[White "Gharibyan, Mamikon"]
[Black "Martirosyan, Haik M."]
[Result "1/2-1/2"]
[WhiteElo "2467"]
[BlackElo "2621"]
[Annotator "TA"]
[PlyCount "58"]
[EventDate "2022.01.12"]
[EventType "tourn"]
[EventCountry "ARM"]
[SourceTitle "playchess.com"]
[Source "ChessBase"]
[SourceQuality "1"]

{[%evp 21,58,0,0,0,0,0,18,0,164,21,19,0,0,0,0,0,35,17,43,8,0,7,16,20,0,18,0,18,22,16,33,13,38,0,0,0,0,0,0]} 1. d4 Nf6 2. c4 e6 3. Nf3 d5 4. Nc3 Nbd7 5. cxd5 exd5 6. Bg5 c6 7. e3 Be7 8. Bd3 h6 9. Bh4 O-O 10. Qc2 Re8 11. Bg3 Nh5 12. Be5 {D36: Queen's Gambit Declined: Exchange Variation: Main line (5 Bg5 c6 6 Qc2).} Nxe5 13. dxe5 g6 14. O-O-O {[#]} Bf8 $146 {[#]} (14... Ng7 $11) ({Predecessor:} 14... Bb4 15. Kb1 Bxc3 16. Qxc3 Qe7 17. h3 Ng7 18. g4 c5 19. Bc2 Rd8 20. Nd2 b5 {0-1 (35) Podzielny,K (2419)-Schmittdiel,E (2372) Germany 2015}) 15. Kb1 ({Only move:} 15. Bxg6 $1 $18 {[%mdl 512]} fxg6 (15... Ng7 16. Bh7+) 16. Qxg6+ Ng7 {[#]} 17. Ne4 $1 dxe4 18. Rxd8 Rxd8 19. Qxe4) 15... Ng7 $11 16. e4 d4 17. Bc4 Be6 18. Rxd4 Qa5 19. Ne2 {[%cal Bc3e2,Be2c1,Bc1d3][%mdl 32]} Rad8 20. Rhd1 (20. Rxd8 {is more complex.} Qxd8 21. Rd1 Qe7 22. Bxe6 Nxe6 23. g3) 20... Bc5 21. Rxd8 Rxd8 22. Rxd8+ Qxd8 23. Bxe6 Nxe6 24. Nc1 Bb6 25. Nd3 Kg7 26. g3 Qd7 {[%cal Oe6c5]} 27. h4 Nd4 {The position is equal.} 28. Nxd4 Qxd4 29. Qe2 Bc7 {Weighted Error Value: White=0.24 (precise) /Black=0.25 (precise)} 1/2-1/2

[Event "82nd Armenian Men Championship 2022"]
[Site "Yerevan"]
[Date "2022.01.16"]
[Round "5.3"]
[White "Andriasian, Zaven"]
[Black "Petrosyan, Manuel"]
[Result "0-1"]
[WhiteElo "2578"]
[BlackElo "2620"]
[Annotator "TA"]
[PlyCount "96"]
[EventDate "2022.01.12"]
[EventType "tourn"]
[EventCountry "ARM"]
[SourceTitle "playchess.com"]
[Source "ChessBase"]
[SourceQuality "1"]

{[%evp 9,96,21,38,7,12,18,19,13,22,20,20,20,21,19,19,10,16,10,14,14,11,12,12,0,0,0,0,0,0,0,0,0,0,0,0,0,0,0,0,-22,-26,-42,-43,-42,-42,-50,-45,-68,-58,-63,-59,-62,-60,-64,-50,-74,-79,-123,-127,-104,-93,-105,-93,-94,-102,-262,-213,-344,-349,-839,-812,-1198,-1198,-29949,-29951,-7181,-4307,-29958,-29954,-29965,-29961,-29979,-29980,-29980,-29981,-29981,-29982,-29982,-29982]} 1. e4 e5 2. Nf3 Nc6 3. Bc4 Nf6 4. d3 Be7 5. a4 O-O 6. Nc3 {C55: Two Knights: 4 d3, 4 d4 exd4 5 e5 and Max Lange Attack.} d6 7. h3 Na5 $5 {[%mdl 4] A promising side line.} 8. Ba2 {The position is equal.} c5 9. O-O Be6 {[#]} 10. Bg5 $146 ({Predecessor:} 10. Bd2 Nc6 11. Re1 Rc8 12. Nd5 Bxd5 13. exd5 Nb4 14. Bxb4 cxb4 15. d4 exd4 16. a5 Nd7 17. Nxd4 {½-½ (17) Benassi,A (2012)-Reboredo,D (1944) FICGS email 2016}) 10... Nc6 11. Bxf6 (11. Re1 {seems wilder.} Nd4 12. Bc4 Rb8 13. Nb5 Nc6 14. Na3) 11... Bxf6 12. Nd5 g6 13. c3 Bg7 14. Qd2 Ne7 15. Nxe7+ Qxe7 16. b4 cxb4 17. cxb4 Rfd8 18. Bxe6 Qxe6 19. Rfc1 d5 20. Qa2 Rac8 21. exd5 Rxc1+ 22. Rxc1 Qxd5 23. Qxd5 Rxd5 $11 {[%mdl 4096] Endgame KRB-KRN} 24. g3 Bf6 25. Rc3 Kg7 {[%cal Oe5e4] [#] aiming for ...e4!} 26. Rb3 Be7 27. Kf1 Kf6 28. Ne1 Rd7 29. Nc2 Rc7 30. Rb2 Ke6 31. Ke2 h5 32. h4 f5 {[%cal Bf7f5,Bf5f4][%mdl 32]} 33. Kd2 {[#]} (33. Na3 $142) 33... f4 $1 $17 34. Rb1 g5 35. hxg5 fxg3 36. fxg3 Bxg5+ 37. Kd1 $2 {This costs White the game.} (37. Ne3 $17) 37... Kf5 {And now ...Kg4 would win.} 38. Rb3 (38. b5 $142) 38... Kg4 $19 39. d4 $2 (39. Ne1) 39... exd4 40. b5 Rc3 41. Nxd4 Rxb3 42. Nxb3 Kxg3 {( -> ...h4). KB-KN} 43. Ke2 h4 {[%cal Bh5h4,Bh4h3][%mdl 32] Black mates.} 44. Nc5 Kg2 45. Nd3 h3 46. Ne1+ Kg3 47. Nf3 Bc1 48. a5 Bf4 {Weighted Error Value: White=0.64/Black=0.02 (flawless)} 0-1

[Event "82nd Armenian Men Championship 2022"]
[Site "Yerevan"]
[Date "2022.01.16"]
[Round "5.4"]
[White "Ter-Sahakyan, Samvel"]
[Black "Pashikian, Arman"]
[Result "1/2-1/2"]
[WhiteElo "2637"]
[BlackElo "2606"]
[Annotator "TA"]
[PlyCount "25"]
[EventDate "2022.01.12"]
[EventType "tourn"]
[EventCountry "ARM"]
[SourceTitle "playchess.com"]
[Source "ChessBase"]
[SourceQuality "1"]

{[%evp 13,25,-14,-8,-12,0,-8,-15,-14,-19,-17,0,0,-12,-35]} 1. d4 Nf6 2. c4 e6 {[%cal Be7e6,Be6d5][%mdl 32]} 3. Nc3 Bb4 4. e3 O-O 5. Bd3 d5 6. cxd5 exd5 7. Nge2 Re8 {The position is equal.} 8. Bd2 $1 {[%mdl 4] is currently scoring better than 8.0-0. E48: Nimzo-Indian: Rubinstein: 5 Bd3 d5 including 6 Ne2, but excluding 6 a3.} Bf8 9. Qc2 b6 10. e4 dxe4 11. Nxe4 Ba6 {[#] And now ...Nxe4 would win.} 12. Nxf6+ Qxf6 {[#]} 13. O-O $146 {An even fight not without its subleties.  Weighted Error Value: White=0.02 (flawless) /Black=0.06 (flawless)} ({Predecessor:} 13. Qa4 b5 14. Qc2 Nc6 15. O-O Rxe2 16. Bxe2 Nxd4 17. Qe4 Nxe2+ 18. Qxe2 b4 19. Qe4 {½-½ (43) Agrest,E (2475)-Timoshenko,G (2475) Budapest 1991}) 1/2-1/2

[Event "82nd Armenian Men Championship 2022"]
[Site "Yerevan"]
[Date "2022.01.16"]
[Round "5.5"]
[White "Mikaelyan, Arman"]
[Black "Petrosian, Tigran L."]
[Result "0-1"]
[WhiteElo "2508"]
[BlackElo "2573"]
[Annotator "TA"]
[PlyCount "86"]
[EventDate "2022.01.12"]
[EventType "tourn"]
[EventCountry "ARM"]
[SourceTitle "playchess.com"]
[Source "ChessBase"]
[SourceQuality "1"]

{[%evp 11,86,65,73,58,77,63,82,73,93,81,116,47,71,27,50,22,17,30,23,11,15,11,54,0,12,-45,-35,-49,-49,-70,-49,-88,-24,-25,-25,-33,-35,-30,-25,-84,-83,-116,-104,-118,-117,-121,-119,-116,-86,-116,-120,-318,-335,-310,-333,-323,-193,-193,-188,-358,-344,-1024,-672,-685,-646,-658,-670,-685,-682,-677,-664,-667,-662,-651,-638,-584,-564]} 1. d4 Nf6 2. c4 c5 3. d5 e5 4. Nc3 d6 5. e4 Be7 6. Be2 Nbd7 7. Be3 {A56: Czech Benoni.} O-O 8. Nf3 a6 9. O-O {[#] White is better.} Nh5 $146 ({Predecessor:} 9... Rb8 10. Qc2 Nb6 11. h3 Na8 12. Nd2 Nc7 13. f4 Re8 14. Rab1 exf4 15. Bxf4 b5 16. Bd3 bxc4 17. Nxc4 h6 18. e5 Nfxd5 19. Nxd6 Nxf4 {0-1 (19) Alekseev,L-Kravchenko,D (1777) Gelendzhik 2015}) 10. Qd2 g6 11. Ne1 (11. a3 $16) 11... Ng7 12. f4 ({White should try} 12. f3 $16) 12... f5 13. Nd3 exf4 14. Nxf4 Ne5 15. exf5 Bxf5 16. h3 Qc7 (16... h5 $11) 17. Rad1 ({Better is} 17. g4 $14 Bd7 18. b3) 17... Rae8 18. b3 (18. g4 $11 Bd7 19. Ng2) 18... Bg5 $15 19. Kh1 Qc8 20. Kh2 Rf7 (20... Bd7 $5 {[%cal Rg7f5]}) 21. Rf2 Rfe7 ({Black should play} 21... Bd7 $1 $17 {Hoping for ...Nf5.} 22. Rc1 b5) 22. Ne6 $1 $11 ({Don't blunder} 22. Nxg6 $2 Bxe3 23. Nxe7+ Rxe7 24. Qxe3 Ng4+ $1 {[%mdl 512]} 25. hxg4 Rxe3 $19) 22... Bxe3 23. Qxe3 Bxe6 24. dxe6 Qxe6 {[%cal Oe5g4] Strongly threatening ...Ng4+!} 25. Qd2 (25. Nd5 $11 {remains equal.}) 25... Nf5 $1 $17 26. Nd5 Rf7 27. Rdf1 Ref8 $1 28. Qg5 h6 29. Qd2 Kh7 30. Nf4 Qe7 {[%cal Of5e3] And now ...Ne3! would win. Black is more active.} 31. Bd1 $2 {[#] Now White is beyond hope.} (31. Nd5 $17 Qh4 32. Qf4) 31... Ne3 $1 $19 {[%cal Of7f4][%mdl 512] White must now prevent ...Rxf4! Pair of Knights!} 32. Re1 {[#]} ({Don't play} 32. Qxe3 Ng4+ $1 {[%mdl 512]} 33. Bxg4 Qxe3 $19) 32... Nxg2 {[%mdl 512]} 33. Kxg2 {[#] Threatens to win with Nd3.} Rxf4 {[%mdl 512]} 34. Rxf4 Qg5+ 35. Kh1 $2 (35. Bg4 Qxf4 36. Qxf4 Rxf4 37. Bc8) 35... Rxf4 36. Qxd6 $2 {[#]} (36. Qg2) 36... Qg3 $1 {Black is clearly winning.} 37. Qe7+ Nf7 {( -> ...Rf2)} 38. Qe3 Qxe3 39. Rxe3 Rf1+ 40. Kg2 Rxd1 41. Re7 Kg7 42. Rxb7 Rd2+ 43. Kf3 Rxa2 {Weighted Error Value: White=0.41/Black=0.24 (precise)} 0-1

[Event "82nd Armenian Men Championship 2022"]
[Site "Yerevan"]
[Date "2022.01.16"]
[Round "5.6"]
[White "Shahinyan, David"]
[Black "Gabuzyan, Hovhannes"]
[Result "0-1"]
[WhiteElo "2486"]
[BlackElo "2589"]
[Annotator "TA"]
[PlyCount "116"]
[EventDate "2022.01.12"]
[EventType "tourn"]
[EventCountry "ARM"]
[SourceTitle "playchess.com"]
[Source "ChessBase"]
[SourceQuality "1"]

{[%evp 11,116,0,0,-29,-28,-35,-24,-58,-53,-61,-41,-54,-3,-15,0,0,38,11,8,4,9,9,2,10,12,12,15,0,0,0,0,0,0,0,0,0,0,0,0,0,0,-121,0,0,0,0,0,-283,-270,-489,-554,-502,0,-600,-570,-1999,-1973,-2100,-1029,-1029,-1029,-1021,-523,-1021,-1006,-1764,-1552,-5214,-343,-343,-343,-343,-343,-316,-268,-521,-261,-261,-261,-261,-261,-261,-261,-261,-261,-261,-261,-261,-261,-261,-261,-261,-261,-261,-261,-261,-261,-261,-261,-261,-261,-1689,-1682,-1610,-1610,-747,-747]} 1. e4 c5 2. Nf3 Nc6 3. d3 g6 4. g3 Bg7 5. Bg2 e5 6. O-O Nge7 7. Bg5 {A04: Unusual lines after 1 Nf3 and King's Indian Attack.} O-O 8. c3 b6 {[#]} 9. d4 $146 {Black has an edge.} ({Predecessor:} 9. Na3 h6 10. Be3 d5 11. c4 dxe4 12. dxe4 Nd4 13. Nb5 Bg4 14. h3 Nxf3+ 15. Bxf3 Bxh3 16. Qxd8 Raxd8 {0-1 (32) Blazquez Gomez,J (2265)-Barrientos Chavarriaga,S (2395) Spain 2004}) 9... exd4 10. cxd4 cxd4 11. Qd2 Ba6 ({Better is} 11... Re8 $1 $15) 12. Re1 $1 $11 Re8 13. Na3 $1 Rc8 14. b4 Ne5 $132 {[%mdl 2048] Black is not holding back} 15. Nxd4 Nd3 16. e5 {And now b5 would win.} Nxe1 (16... Bxe5 17. Rxe5 $1 {[%mdl 512]} Nxe5 18. b5 $18) 17. Rxe1 d5 18. Bh3 {To avoid Qd7} Rc4 $1 {[%cal Oc4d4]} 19. Nab5 {Pair of Knights!} h6 20. Bxh6 Bxb5 21. Nxb5 Bxh6 22. Qxh6 Nc6 23. e6 Re4 $1 24. Rxe4 dxe4 25. exf7+ Kxf7 {[%cal Oe4e3]} 26. Nc7 {[#]} Re5 ({Black should try} 26... Re7 $1 $17 {[%cal Re7c7]} 27. b5 Nd4 28. Qh7+ Kf6 29. Nd5+ Qxd5 30. Qh4+ Kf7 31. Qh7+ Kf8 32. Qh8+ Kf7 33. Qh7+ Kf8 34. Qh8+ Qg8 35. Qf6+ Qf7 36. Qxd4 Qg7 37. Qd8+ Re8) 27. Bf1 Kf6 28. Bc4 Rf5 (28... Qxc7 {is a self mate.} 29. Qf8+) 29. Qh4+ $2 {[%mdl 8192] Black converts the advantage convincingly.} (29. Qh7 $11 Qd1+ 30. Bf1) 29... Ke5 $19 {Chess con chili.} 30. Qh7 (30. Qxd8 Nxd8 31. Nd5) 30... Qd1+ 31. Bf1 Qe1 $2 ({Black should play} 31... e3 $19 32. f4+ Ke4) 32. Qh8+ $2 {[%mdl 8192]} (32. Qg7+ $11 Rf6 33. f4+ exf3 34. Ne8 f2+ 35. Kg2 Qe4+ 36. Kh3 Qf5+ 37. g4 Qf3+ 38. Kh4) 32... Kd6 33. Ne8+ Ke7 34. f4 exf3 (34... e3 $142 35. Qg7+ Rf7) 35. Ng7 f2+ 36. Kg2 Qe4+ 37. Kh3 {Hoping for Qe8+.} Rf8 {Inhibits Qe8+.} 38. Qh7 Rf7 39. Qg8 Qe5 $2 (39... Ne5 {( -> ...g5)} 40. a4 g5 41. Qe8+ Kf6 42. Nh5+ Kg6 43. Nf4+ gxf4) 40. Qe8+ Kf6 41. Qxc6+ Kxg7 {[%mdl 4096] Endgame KQR-KQB} 42. Kg2 Re7 43. a3 $2 (43. b5) 43... Qe3 44. Qc4 a5 45. bxa5 bxa5 {White must now prevent ...Qe4+.} ({But not} 45... Rf7 $2 46. Qd3 Qxd3 47. Bxd3 bxa5 48. Bc4) 46. a4 Rd7 47. h4 Qd4 {...Qxc4 is the strong threat.} 48. Qc6 Re7 49. Qb5 Qe4+ 50. Kh2 Qe5 {Strongly threatening ...Qxb5.} 51. Qc6 Rc7 52. Qf3 Qa1 53. Qf4 Rd7 ({Weaker is} 53... Qxf1 54. Qxc7+ Kg8 55. Qd8+ Kh7 56. Qe7+ Kh6 57. Qf8+ Kh7 58. Qe7+ Kh8 59. Qf8+ Kh7 60. Qe7+ $11) 54. Qc4 Qe5 {Threatens to win with ...Rd4.} 55. Qc6 Rd1 56. Qc4 (56. Kg2) 56... Rd4 {Black is clearly winning.} 57. Qc6 Rxh4+ 58. Kg2 Qe4+ {Weighted Error Value: White=0.75/Black=0.32} 0-1

[Event "82nd Armenian Men Championship 2022"]
[Site "Yerevan"]
[Date "2022.01.17"]
[Round "6.1"]
[White "Andriasian, Zaven"]
[Black "Gharibyan, Mamikon"]
[Result "1-0"]
[WhiteElo "2578"]
[BlackElo "2467"]
[Annotator "TA"]
[PlyCount "70"]
[EventDate "2022.01.12"]
[EventType "tourn"]
[EventCountry "ARM"]
[SourceTitle "playchess.com"]
[Source "ChessBase"]
[SourceQuality "1"]

{[%evp 11,70,14,21,25,24,22,25,24,31,20,35,39,35,35,61,55,49,48,50,47,109,118,111,102,96,95,94,93,96,106,183,74,91,47,58,15,33,23,22,18,18,16,36,54,81,69,105,85,122,118,214,173,323,322,303,271,270,268,639,614,603]} 1. e4 c5 2. Nf3 Nc6 3. Bb5 e6 4. O-O Nge7 5. d4 cxd4 6. Nxd4 Qb6 7. Nxc6 {B30: Sicilian: 2...Nc6 3 Bb5, lines without ...g6.} dxc6 8. Bd3 $1 {[%mdl 4] is currently scoring better than 8.Bc4.} Ng6 9. Nd2 {White has an edge.} Qc7 {[#]} 10. g3 $146 ({Predecessor:} 10. a4 Bd6 11. Kh1 h5 12. h3 Nf4 13. Nc4 g5 14. Nxd6+ Qxd6 15. Bc4 Qe5 16. Qf3 {1-0 (34) Farahat,A (2404)-Skliarov,V (2387) Chess.com INT 2021}) 10... h5 11. h4 Ne5 12. Be2 g5 13. hxg5 h4 {aiming for ...hxg3.} 14. Kg2 hxg3 15. fxg3 b5 {To avoid Nc4} (15... Bd7 $14) 16. Nf3 $16 {And now Bf4 would win.} ({But not} 16. Rh1 Rxh1 17. Qxh1 Bb7 $14) 16... Ng6 {Inhibits Bf4.} 17. Rh1 Rxh1 18. Qxh1 Bb7 19. Nh4 Qe5 {[#]} 20. Bf3 Qc5 (20... Bd6 $16 {keeps fighting.} 21. Qh3 Nf8) 21. c3 (21. Nxg6 $18 {is more deadly.} Qxc2+ 22. Kf1 (22. Kh3 fxg6 23. Be3 Rd8 $11) 22... fxg6 23. Qh7) 21... Ne5 22. Qd1 ({White should play} 22. g6 $16) 22... Qc4 $14 23. Qe2 (23. Bf4 $14 Rd8 24. Qc2 Nxf3 25. Nxf3) 23... Nxf3 $11 24. Kxf3 Qxe2+ 25. Kxe2 c5 26. Kf3 Rd8 27. Be3 Be7 28. Ng2 Kf8 29. Nf4 Kg7 {Prevents g6.} 30. Rh1 a5 {[#]} (30... e5 $16 {might work better.}) 31. g6 $1 $18 e5 (31... Rf8 $142) 32. Rh7+ Kg8 {[#]} 33. Rxf7 exf4 34. Rxe7 fxe3 (34... Bxe4+ 35. Kxe4 fxe3 36. Kxe3 Rd6) 35. Rxb7 Rd2 {Weighted Error Value: White=0.10 (very precise) /Black=0.41} 1-0

[Event "82nd Armenian Men Championship 2022"]
[Site "Yerevan"]
[Date "2022.01.17"]
[Round "6.2"]
[White "Pashikian, Arman"]
[Black "Shahinyan, David"]
[Result "0-1"]
[WhiteElo "2606"]
[BlackElo "2486"]
[Annotator "TA"]
[PlyCount "106"]
[EventDate "2022.01.12"]
[EventType "tourn"]
[EventCountry "ARM"]
[SourceTitle "playchess.com"]
[Source "ChessBase"]
[SourceQuality "1"]

{[%evp 14,106,31,22,43,30,43,16,24,0,0,0,10,10,24,12,0,5,12,-1,34,41,27,18,16,-27,-17,-38,-46,-77,-38,-79,-71,-78,-69,-74,-94,-74,-69,-132,-139,-185,-181,-183,-193,-182,-183,-185,-177,-179,-190,-185,-94,-89,-105,-97,-83,-250,-241,-357,-184,-270,-252,-460,-470,-470,-557,-552,-544,-506,-504,-665,-637,-889,-882,-2143,-2183,-5035,-2620,-29975,-29951,-29956,-29958,-29956,-5744,-29976,-29977,-29977,-29962,-29991,-29992,-29992,-29993,-29995,-29996]} 1. d4 d6 2. e4 Nf6 3. Nc3 e5 4. Nf3 Nbd7 5. Bc4 Be7 6. O-O O-O 7. a4 c6 8. Re1 exd4 {Recently 8...h6 got a lot of attention. C41: Philidor Defence.} 9. Nxd4 Ne5 10. Bf1 Re8 {The position is equal.} 11. a5 Bd7 12. h3 Qc7 13. Bf4 {[#]} b5 $146 ({Predecessor:} 13... Bf8 14. Bg5 Be7 15. Be3 h6 16. f4 Ng6 17. Qf3 Nh4 18. Qf2 Nh7 19. g3 Ng6 {0-1 (34) Gempe,T (2237)-Collini,C (2035) Leipzig 2002}) 14. axb6 axb6 15. Rxa8 Rxa8 16. Bg3 Re8 17. f4 Ng6 18. Qf3 b5 19. Nb1 (19. b4 $142) 19... Qb6 20. c3 c5 21. Nc2 Bf8 22. Ne3 (22. Nd2 $15) 22... c4 $17 (22... Nxe4 $2 23. Nd5 Qc6 24. Rxe4 $18) 23. Nd2 Bc6 {Black is more active.} 24. Bf2 $1 {[%cal Oe3c4]} Nxe4 25. Nxe4 Bxe4 (25... Rxe4 26. Nd5 $1 {[%mdl 512]} Qb7 27. Qxe4 $16) 26. Qg3 ({White should play} 26. Qd1 $15) 26... Qc6 27. f5 (27. h4 $17 {was worth a try.}) 27... Ne5 $19 28. f6 Re6 29. fxg7 Bxg7 30. Ng4 Nxg4 31. Qxg4 f5 32. Qh4 Rg6 (32... h6 $19 33. Be3 Rg6) 33. Qd8+ $17 Bf8 {[%cal Re4g2]} 34. g3 {[%cal Of1g2]} d5 $36 {[%mdl 2048] White must now prevent ...Qd6. Black is really pushing.} 35. Ra1 $2 {This move loses the game for White.} (35. Be2 $17) 35... d4 $19 ({Inferior is} 35... Qd6 36. Qxd6 Bxd6 37. Ra8+ Kg7 38. Bd4+ Kh6 39. g4) 36. cxd4 (36. Bxd4 $142 Rxg3+ 37. Kf2 Rf3+ 38. Ke1) 36... f4 (36... c3 $142 37. d5 (37. bxc3 $2 Qxc3 38. Ra8 Rxg3+ 39. Kh2 Bxa8 $19) 37... cxb2 $1 {[%mdl 512]} 38. dxc6 bxa1=Q) 37. g4 {[#]} (37. Be1 $142) 37... h5 $1 38. g5 (38. Bh4 Qb7 39. g5) 38... Qd6 39. Qxd6 Rxg5+ ({Stronger than} 39... Bxd6 40. h4 $11) (39... Rxd6 40. Ra5 $11) 40. Kh2 {Threatening mate with Qe6+.} Bxd6 41. h4 Rg6 42. Ra6 Bd3 43. Bh3 b4 {Threatens to win with ...c3.} 44. d5 c3 45. Ra8+ Kh7 46. Bd4 {[#]} Rg7 $1 {[%mdl 512]} 47. Bxg7 f3+ {[%cal Bf4f3,Bf3f2][%mdl 32]} 48. Kg1 Kxg7 (48... Bc5+ $142 49. Kh1 Kxg7 50. b3 c2 51. Ra1 Bd4 52. Rc1 Be3 53. Bf1 Be4 54. Rxc2 f2+ 55. Kh2 Bxc2 56. Kg2 Be4+ 57. Kh3 Bxd5 58. Kg3 Kf6 59. Bd3 Ke5 60. Bb5 Bxb3 61. Kg2 Bd5+ 62. Kf1 b3 63. Bd3 Kd4 64. Be2 b2 65. Bd3 Be6 66. Kg2 Kxd3 67. Kh2 f1=Q 68. Kg3 Qh3#) 49. bxc3 Bc5+ {This bishop pair is nice. Black mates.} 50. Kh1 b3 51. Rb8 f2 52. Rb7+ Kf6 53. Bg2 {[#]} Be4 $1 {[%mdl 512] Weighted Error Value: White=0.70/Black=0.24 (precise)} 0-1